000 00557nam a2200205 a 4500
001 17400
003 CO-ViMGA
008 141112s2004 ck r 000 u spa d
020 _a8447800520
040 _aCO-ViMGA
_bspa
_cCO-ViMGA
082 0 4 _aALIc
100 1 _aAlibes, M. Dolors
_924710
245 1 0 _aCopito de nieve y su pulga azul
260 _aBarcelona (EspaƱa),
_cEl Arca,
_c1993
300 _a61.p.
490 _aTren de cuerda
650 1 4 _aCUENTOS INFANTILES RUMANOS
_924711
650 1 4 _aPULGAS - CUENTOS INFANTILES
_924712
942 _2ddc
_cBK
999 _c26941
_d26941